Gracie Abrams - Chansons par ordre alphabétique - Statistiques

Statistiques générales
  • Ce quiz a été pris 88 fois
  • Le résultat moyen est 36 sur 56
Statistiques - réponses
Hint Réponse % Correct
Chiffre 21
93%
I I Love You, I’m Sorry
92%
I I miss you, I’m sorry
90%
R Risk
85%
U us. (feat. Taylor Swift)
84%
B Blowing Smoke
80%
C Camden
80%
Chiffre 405
79%
B Best
79%
C Close To You
79%
M minor
79%
T That's so True
79%
A Amelie
77%
C Cool
75%
F Free Now
75%
G Good Luck Charlie
74%
F Friend
72%
L Let It Happen
70%
F Felt Good About You
69%
I I Know It Won't Work
69%
M Mess It Up
69%
D Difficult
67%
F Feels Like
67%
L Long Sleeves
67%
W Where Do We Go Now?
67%
I I Knew It, I Know You
66%
N Normal Thing
64%
A Augusta
62%
I I Told You Things
62%
R Right Now
62%
P Packing It Up
61%
B The Blue
61%
W Will You Cry?
61%
T Tough Love
59%
S Stay
57%
B The Bottom
57%
A Alright
56%
R Rockland
56%
T tehe
56%
U Under / Over
56%
B Better
54%
F Full Machine
54%
G Gave You I Gave You I
54%
M Mean It
52%
T This Is What the Drugs Are For
52%
U Unsteady
52%
B Block Me Out
51%
O Older
51%
T Two People
51%
P Painkillers
48%
F For Real This Time
46%
H Hard to Sleep
46%
F Fault Line
44%
I I Should Hate You
41%
B Brush Fire
38%
W Wishful Thinking
36%
Aucun quiz correspondant
Distribution des résultats
% des personnes avec chaque résultat
Percentile par nombre de réponses
Votre historique - résultats
Vous n’avez pas pris ce quiz